000 00501nam a2200181 a 4500
001 000047627
003 DO-SdBNP
005 20220505104148.0
008 180705s2017 dr 000 spa d
020 _a9789945609028
040 _aDO-SdBNP
_bspa
_cBNPHU
100 1 _aNúñez L., Frank
_975254
245 0 _aCuentos de lágrimas y risas /
_cFrank Núñez L.
260 _aSanto Domingo :
_bSantuario,
_c2017.
300 _a119 p. ;
_c24 cm.
590 _aInventariado, 2018/DG
942 _2ddc
_cLBS1
999 _c47115
_d47115